000 00447nam a2200169Ia 4500
003 GCL
008 140319s9999 xx 000 0 eng d
040 _aGCL /
_cGCL
082 0 4 _a620.007
_bW T
100 1 _aWANKAT, PHILLIP
245 1 0 _aTEACHING ENGINEERING /
_cWANKAT, PHILLIP
700 1 _aOREOVICZ FRANK
260 _a[S.N] :
_bMC GRAW - HILL
650 0 4 _aالتحليل الرياضى
650 0 4 _aSTUDY AND TEACHING
942 _2ddc
_cBK
999 _c11204
_d11204